Informačné systémy: digitálne technológie v marketingu

Saved in:
Bibliographic Details
Main Author: Miklošík, Andrej
Corporate Author: Ekonomická univerzita v Bratislave. Obchodná fakulta
Other Authors: Kuchta, Martin, 1990-, Žák, Štefan, 1971-, Hriciga, Andrej
Format: Book
Language:Slovak
Published: Bratislava Vydavateľstvo EKONÓM 2017
Edition:1. vydanie
Subjects:
Tags: Add Tag
No Tags, Be the first to tag this record!

MARC

LEADER 00000nam a2200000 4500
001 0240418
005 20240502073915.4
020 |a 978-80-225-4427-6 
041 0 |a slo 
044 |a SK 
245 1 0 |a Informačné systémy: digitálne technológie v marketingu  |c Andrej Miklošík, Martin Kuchta ; recenzenti: Štefan Žák, Andrej Hriciga 
250 |a 1. vydanie 
264 1 |a Bratislava  |b Vydavateľstvo EKONÓM  |c 2017 
300 |a 227 s. [12,97 AH] 
610 2 0 |a systémy informačné 
610 2 0 |a marketing 
610 2 0 |a obchod 
610 2 0 |a obchod elektronický 
610 2 0 |a siete sociálne 
610 2 0 |a komunikácia marketingová 
610 2 0 |a marketing elektronický 
610 2 0 |a reklama 
100 1 |a Miklošík, Andrej 
700 1 |a Kuchta, Martin, 1990- 
700 1 |a Žák, Štefan, 1971- 
700 1 |a Hriciga, Andrej 
710 2 |a Ekonomická univerzita v Bratislave. Obchodná fakulta